|
|
|
|
| LEADER |
00000nam0a2200000 4500 |
| 001 |
47967 |
| 005 |
20231031030814.0 |
| 035 |
|
|
|a (RuTPU)RU\TPU\book\50158
|
| 090 |
|
|
|a 47967
|
| 100 |
|
|
|a 20030227d1977 k y0rusy50 ca
|
| 101 |
0 |
|
|a rus
|
| 102 |
|
|
|a RU
|
| 105 |
|
|
|a a z 001zy
|
| 200 |
1 |
|
|a Арматура систем автоматического управления
|a Исполнительные устройства
|f Ю. Я. Казинер, М. С. Слободкин
|
| 210 |
|
|
|a Москва
|c Машиностроение
|d 1977
|
| 215 |
|
|
|a 136 с.
|c ил.
|
| 320 |
|
|
|a Библиогр.: с. 134-135.
|
| 610 |
1 |
|
|a автоматика
|
| 610 |
1 |
|
|a автоматическое управление
|
| 610 |
1 |
|
|a системы
|
| 610 |
1 |
|
|a арматура
|
| 610 |
1 |
|
|a автоматические системы
|
| 610 |
1 |
|
|a исполнительные механизмы
|
| 610 |
1 |
|
|a регулирование
|
| 675 |
|
|
|a 62-523
|v 3
|
| 700 |
|
1 |
|a Казинер
|b Ю. Я.
|g Юда Яковлевич
|
| 701 |
|
1 |
|a Слободкин
|b М. С.
|g Марк Соломонович
|
| 801 |
|
1 |
|a RU
|b 63413507
|c 20030227
|g PSBO
|
| 801 |
|
2 |
|a RU
|b 63413507
|c 20201116
|g PSBO
|
| 942 |
|
|
|c BK
|